000 02067cam a2200421 i 4500
999 _c599
_d599
001 .b22183681
003 OSt
005 20190904092413.0
008 181217t20182018nyua b 001 0 eng d
010 _a2018377469
020 _a9780735211292
_q(hardcover)
020 _a0735211299
_q(hardcover)
035 _a(OCoLC)on1055766559
040 _aCG4
_beng
_cCG4
_erda
_dOCLCO
_dOQX
_dTCH
_dBDX
_dIK2
_dDPB
_dILC
_dOCO
_dNDS
_dQQ3
_dOCLCF
_dDLC
042 _anbic
082 _a152 CLE
100 1 _aClear, James,
_eauthor.
245 1 0 _aAtomic habits :
_btiny changes, remarkable results : an easy & proven way to build good habits & break bad ones /
_cJames Clear.
246 3 0 _aAtomic habits :
_ban easy & proven way to build good habits & break bad ones : tiny changes, remarkable results.
246 3 4 _aTiny changes, remarkable results :
_batomic habits.
260 _aNew York :
_bAvery, an imprint of Penguin Random House,
_cc2018.
300 _aix, 306 pages :
_billustrations ;
_c24 cm.
504 _aIncludes bibliographical references (page 273-298) and index.
520 _aJames Clear, an expert on habit formation, reveals practical strategies that will teach you how to form good habits, break bad ones, and master the tiny behaviors that lead to remarkable results. He draws on proven ideas from biology, psychology, and neuroscience to create an easy-to-understand guide for making good habits inevitable and bad habits impossible.
650 0 _aHabit.
650 0 _aHabit breaking.
650 0 _aBehavior modification.
650 7 _aBUSINESS & ECONOMICS / Organizational Behavior.
_2bisacsh.
650 7 _aPSYCHOLOGY / Social Psychology.
_2bisacsh.
650 7 _aSELF-HELP / Personal Growth / General.
_2bisacsh.
650 7 _aBehavior modification.
_2fast
_0(OCoLC)fst00829918.
650 7 _aHabit.
_2fast
_0(OCoLC)fst00950030.
650 7 _aHabit breaking.
_2fast
_0(OCoLC)fst00950033.
655 4 _aNonfiction.
655 7 _aSelf-help publications.
_2fast
_0(OCoLC)fst01941328.
655 7 _aSelf-help publications.
_2lcgft.
942 _2ddc
_cNFIC